| 000 | 00545nam a2200133 a 4500 | ||
|---|---|---|---|
| 008 | 080508s2003 ||||||||||||||||| || u | ||
| 050 | _aIBRD(058)WDR/1992 | ||
| 110 | _aWorld Bank | ||
| 245 | 1 | 0 | _aWorld development report 1992: development and the environment |
| 260 |
_aWashington, D.C. _bWorld Bank _c2003 |
||
| 350 | _a0.00 | ||
| 650 | 0 | _aECONOMIC DEVELOPMENT--AFRICA, SUB-SAHARAN | |
| 995 |
_D0.00 _FCBU-MAIN LIBRARY (Kitwe) _H1 _I0.00 _M1 _UAVAILABLE _WMay 8, 2008 _ZInternational Publications |
||
| 999 |
_c62049 _d62049 |
||